NEC3 (Record no. 115751)
[ view plain ]
| 000 -LEADER | |
|---|---|
| fixed length control field | 01007cam a22002295a 4500 |
| 001 - CONTROL NUMBER | |
| control field | L159230 |
| 008 - FIXED-LENGTH DATA ELEMENTS--GENERAL INFORMATION | |
| fixed length control field | 160321s2015 xxk f 000 0 eng d |
| 020 ## - INTERNATIONAL STANDARD BOOK NUMBER | |
| International Standard Book Number | 9780727760968 |
| 035 ## - SYSTEM CONTROL NUMBER | |
| System control number | (Sirsi) u159230 |
| 041 0# - LANGUAGE CODE | |
| Language code of text/sound track or separate title | eng |
| 050 04 - LIBRARY OF CONGRESS CALL NUMBER | |
| Classification number | 624.08 |
| 100 1# - MAIN ENTRY--PERSONAL NAME | |
| Personal name | Mitchell, Bronwyn |
| 245 00 - TITLE STATEMENT | |
| Title | NEC3 |
| Remainder of title | The role of the supervisor |
| 260 ## - PUBLICATION, DISTRIBUTION, ETC. | |
| Place of publication, distribution, etc. | Westminster |
| Name of publisher, distributor, etc. | ICE Publishing |
| Date of publication, distribution, etc. | 2015 |
| 300 ## - PHYSICAL DESCRIPTION | |
| Extent | xi, 142p, 29cm |
| 520 ## - SUMMARY, ETC. | |
| Summary, etc. | Practical guide for those performing the role of supervisor under NEC3 ECC contracts as it gives tips and highlights the importance and the significant potential benefits that the role of a supervisor has to offer in the delivery of projects. Describes the technical and behavioural traits that will be of use to the supervisor as well as the obligations and activities inherent in this role. Divided into a chronological set of learning outcomes. |
| 590 ## - LOCAL NOTE (RLIN) | |
| Local note | KA |
| 651 #4 - SUBJECT ADDED ENTRY--GEOGRAPHIC NAME | |
| Geographic name | United Kingdom |
| 690 ## - LOCAL SUBJECT ADDED ENTRY--TOPICAL TERM (OCLC, RLIN) | |
| Topical term or geographic name as entry element | Construction management |
| 9 (RLIN) | 6230 |
| 700 1# - ADDED ENTRY--PERSONAL NAME | |
| Personal name | Trebes, Barry |
| 942 ## - ADDED ENTRY ELEMENTS (KOHA) | |
| Suppress in OPAC | 0 |
| Withdrawn status | Lost status | Source of classification or shelving scheme | Damaged status | Not for loan | Home library | Current library | Shelving location | Date acquired | Total Checkouts | Full call number | Barcode | Date last seen | Copy number | Price effective from | Koha item type |
|---|---|---|---|---|---|---|---|---|---|---|---|---|---|---|---|
| Dewey Decimal Classification | London | London | Basement | 21/03/2016 | BASEMENT | 30075281 | 06/08/2019 | 1 | 06/08/2019 | Book |